000 00298nam a2200121Ia 4500
008 240624s9999 xx 000 0 und d
041 _aeng
082 _a658.4092 KRI
100 _aKRISHNAMURTHY J
245 _aTOWARDS DISCIPLESHIP 1926
260 _c1926
_aChicago
_bHesperides Press
365 _cRS
999 _c15942
_d15942